[Event "Challenge"]
[Site "http://www.queenalice.com/game.php?id=962665"]
[Date "2011.7.20"]
[Round "-"]
[White "matamuff"]
[Black "cazzo"]
[Result "0-1"]
[WhiteElo "1849"]
[BlackElo "2515"]

1. b3 e5 2. Bb2 Nc6 3. Nf3 e4 4. Nd4 Nf6 5. e3 Bc5 6. Nb5 O-O 7. N1a3 d5 8. c3
a6 9. Nd4 Ne5 10. Be2 Bd6 11. O-O c5 12. Ndc2 Nd3 13. Bxd3 Bxh2+ 14. Kh1 exd3
15. Ne1 Ng4 16. Nf3 Qf6 17. g3 Bf5 18. Kg2 Be4 19. Rh1 Ne5 20. Rxh2 Bxf3+ 21.
Qxf3 Qxf3+ 22. Kh3 Rfe8 23. c4 Re6 0-1

[Event "Let's Play Chess!"]
[Site "http://www.queenalice.com/game.php?id=970756"]
[Date "2011.8.24"]
[Round "-"]
[White "cazzo"]
[Black "Xmen"]
[Result "1-0"]
[WhiteElo "2519"]
[BlackElo "2178"]

1. d4 Nf6 2. c4 e6 3. Nf3 Bb4+ 4. Nbd2 b6 5. a3 Bxd2+ 6. Bxd2 Bb7 7. g3 O-O 8.
Bg2 d6 9. O-O Nbd7 10. b4 Qe7 11. Qb3 e5 12. dxe5 Nxe5 13. Bc3 Rad8 14. Rad1
Rfe8 15. Rfe1 Ne4 16. Nxe5 dxe5 17. Rxd8 Rxd8 18. Bb2 Nd2 19. Qc2 Bxg2 20. Kxg2
Qe6 21. Rd1 Qd7 22. Bc1 1-0

[Event "Let's Play Chess!"]
[Site "http://www.queenalice.com/game.php?id=970760"]
[Date "2011.8.24"]
[Round "-"]
[White "cazzo"]
[Black "Xmen"]
[Result "1-0"]
[WhiteElo "2518"]
[BlackElo "2180"]

1. d4 d5 2. c4 e6 3. Nf3 Nf6 4. g3 Be7 5. Bg2 O-O 6. Qc2 c5 7. cxd5 Nxd5 8. dxc5
Qa5+ 9. Bd2 Qxc5 10. Qxc5 Bxc5 11. Nc3 Nxc3 12. Bxc3 Nc6 13. Rc1 f6 14. Bxf6
Bxf2+ 15. Kxf2 Rxf6 16. Rhd1 e5 17. Ke1 Be6 18. a3 h6 19. Rc5 e4 20. Nd2 e3 21.
Nf1 Re8 22. Rd6 Nd8 23. Nxe3 1-0

[Event "Let's Play Chess!"]
[Site "http://www.queenalice.com/game.php?id=972566"]
[Date "2011.8.14"]
[Round "-"]
[White "drd123"]
[Black "cazzo"]
[Result "0-1"]
[WhiteElo "2101"]
[BlackElo "2514"]

1. e4 c5 2. Nf3 e6 3. d4 cxd4 4. Nxd4 a6 5. c4 Nf6 6. Nc3 Qc7 7. Be3 Bb4 8. f3
Bxc3+ 9. bxc3 O-O 10. Bd3 d5 11. exd5 exd5 12. O-O dxc4 13. Bc2 Nd5 14. Bd2 Nc6
15. Nxc6 Qxc6 16. Be4 Qc5+ 17. Kh1 Nf6 18. Qc2 Re8 19. Rae1 Nxe4 20. Rxe4 Bf5
21. Rxe8+ Rxe8 22. Qd1 Qa3 23. Re1 Rd8 24. Qe2 Be6 25. Bg5 Rd3 26. Rd1 h6 27.
Bh4 Qxa2 28. Qf1 Rxc3 29. f4 Qc2 30. h3 Rd3 31. Rc1 Qd2 0-1

[Event "Let's Play Chess!"]
[Site "http://www.queenalice.com/game.php?id=972574"]
[Date "2011.8.14"]
[Round "-"]
[White "cazzo"]
[Black "drd123"]
[Result "1-0"]
[WhiteElo "2513"]
[BlackElo "2102"]

1. d4 Nf6 2. c4 g6 3. g3 Bg7 4. Bg2 c6 5. Nf3 d5 6. Qb3 dxc4 7. Qxc4 O-O 8. O-O
Nbd7 9. Qc2 Nb6 10. e4 Bd7 11. Nbd2 Rc8 12. a4 Na8 13. Nb3 b6 14. Ne5 a5 15. Rd1
Qe8 16. Nd2 Nc7 17. Ndc4 Rb8 18. Bf4 Nh5 19. Nxg6 fxg6 20. Bxc7 Rb7 21. Bxb6 Be6
22. Rac1 Qf7 23. Bxa5 Kh8 24. Rd2 Bh6 25. f4 Nxf4 26. gxf4 Bxf4 27. d5 Bxd2 28.
Qxd2 cxd5 29. exd5 Bf5 30. Bc3+ Kg8 31. d6 Rd7 32. Ne5 Rxd6 33. Nxf7 Rxd2 34.
Nh6# 1-0

[Event "Let's Play Chess!"]
[Site "http://www.queenalice.com/game.php?id=973463"]
[Date "2011.8.17"]
[Round "-"]
[White "cazzo"]
[Black "CamiloPD"]
[Result "1-0"]
[WhiteElo "2512"]
[BlackElo "2140"]

1. d4 e6 2. c4 d5 3. Nf3 dxc4 4. e4 b5 5. a4 c6 6. axb5 cxb5 7. b3 Bb7 8. bxc4
bxc4 9. Bxc4 Bxe4 10. O-O Nf6 11. Ne5 Nbd7 12. Nc3 Bb7 13. Rb1 Qc7 14. Qa4 a6
15. Bf4 g5 16. Bg3 Qc8 17. d5 Bxd5 18. Nxd5 exd5 19. Nxd7 1-0

[Event "Let's Play Chess!"]
[Site "http://www.queenalice.com/game.php?id=976366"]
[Date "2011.8.24"]
[Round "-"]
[White "dnptrs"]
[Black "cazzo"]
[Result "0-1"]
[WhiteElo "2183"]
[BlackElo "2516"]

1. d4 Nf6 2. Nf3 h6 3. e3 e6 4. c4 d5 5. Nc3 c5 6. Bd3 dxc4 7. Bxc4 a6 8. O-O b5
9. Be2 Nbd7 10. b3 Bb7 11. Bb2 Rc8 12. Rc1 Bd6 13. dxc5 Bxc5 14. Nd4 O-O 15. Bf3
Bxf3 16. Qxf3 Ne5 17. Qd1 Bxd4 18. Qxd4 Qxd4 0-1

[Event "Let's Play Chess!"]
[Site "http://www.queenalice.com/game.php?id=976367"]
[Date "2011.8.24"]
[Round "-"]
[White "cazzo"]
[Black "dnptrs"]
[Result "1-0"]
[WhiteElo "2515"]
[BlackElo "2185"]

1. d4 Nf6 2. c4 e6 3. Nf3 d5 4. Nc3 Be7 5. Bf4 Na6 6. a3 c6 7. e3 O-O 8. h3 Nc7
9. c5 Ne4 10. Qc2 Nxc3 11. Qxc3 Bf6 12. Qc2 g6 13. Bd3 Ne8 14. O-O Bg7 15. b4 f6
16. Rae1 f5 17. b5 Bd7 18. Rb1 a6 19. bxa6 bxa6 20. Rb7 1-0

[Event "Let's Play Chess!"]
[Site "http://www.queenalice.com/game.php?id=976383"]
[Date "2011.8.24"]
[Round "-"]
[White "fortunato"]
[Black "cazzo"]
[Result "0-1"]
[WhiteElo "2154"]
[BlackElo "2525"]

1. e4 c5 2. Nf3 e6 3. Nc3 a6 4. Be2 b5 5. O-O Bb7 6. d4 cxd4 7. Qxd4 Nc6 8. Qd3
Qc7 9. Bg5 Nf6 10. Bxf6 gxf6 11. Rad1 h5 12. a3 h4 13. Rfe1 O-O-O 14. h3 Bc5 15.
b4 Bb6 16. Bf1 Kb8 17. Qd2 Rhg8 18. a4 Qg3 19. Nh2 Qxh3 20. Kh1 Bxf2 21. axb5
Qg3 22. Ne2 Bxe1 23. Rxe1 Qe5 24. bxc6 dxc6 25. Qf4 c5 26. bxc5 h3 27. g4 Bxe4+
28. Kg1 Rg5 29. Bxh3 Bxc2 30. c6 Qxf4 31. Nxf4 Rd1 0-1

[Event "Let's Play Chess!"]
[Site "http://www.queenalice.com/game.php?id=976443"]
[Date "2011.8.24"]
[Round "-"]
[White "cazzo"]
[Black "Wilson"]
[Result "1-0"]
[WhiteElo "2517"]
[BlackElo "1574"]

1. d4 d5 2. c4 c6 3. Nf3 Nf6 4. e3 e6 5. Bd3 Bb4+ 6. Bd2 a5 7. O-O O-O 8. Nc3
Na6 9. a3 Be7 10. Qe2 Rb8 11. h3 b5 12. cxb5 cxb5 13. Ne5 Bd7 14. Nxd7 Qxd7 15.
Bxb5 Qd6 16. Bxa6 Rxb2 17. Bd3 Rb6 18. Nb5 Qc6 19. Bxa5 Ra6 20. Rfc1 Qb7 21. Rc7
Qxc7 22. Bxc7 Nd7 23. e4 Nb8 24. exd5 Nd7 25. Bxh7+ Kxh7 26. Nd6 Rxd6 27. Bxd6
Bxd6 28. Qc2+ g6 29. Qc6 Be5 30. dxe5 Nxe5 31. Qd6 Rc8 32. Qxe5 1-0

[Event "garry"]
[Site "http://www.queenalice.com/game.php?id=977187"]
[Date "2011.8.26"]
[Round "-"]
[White "DAPONT"]
[Black "cazzo"]
[Result "0-1"]
[WhiteElo "2083"]
[BlackElo "2520"]

1. e4 c5 2. f4 g6 3. Bc4 Nc6 4. Nf3 Bg7 5. O-O d6 6. c3 e6 7. a4 d5 8. exd5 exd5
9. Bb5 Ne7 10. d4 cxd4 11. Nxd4 O-O 12. Be3 a6 13. Be2 Nf5 14. Nxf5 Bxf5 15. Na3
Re8 16. Bf2 d4 17. cxd4 Nxd4 18. Bc4 Qd7 19. h3 b5 20. Ba2 Bd3 0-1

[Event "Challenge"]
[Site "http://www.queenalice.com/game.php?id=981703"]
[Date "2011.9.5"]
[Round "-"]
[White "mowliid12"]
[Black "cazzo"]
[Result "0-1"]
[WhiteElo "1442"]
[BlackElo "2524"]

1. d4 Nf6 2. c4 e6 3. g3 c5 4. Bg2 cxd4 5. Qxd4 Nc6 6. Qd1 Qa5+ 7. Nc3 Qb4 8.
Qd3 Ne5 9. Qc2 Qxc4 10. Nf3 Nxf3+ 11. Bxf3 d5 12. O-O d4 13. Qa4+ Qxa4 14. Nxa4
e5 15. b3 e4 16. Bg2 Bf5 17. Bg5 b5 18. Nb2 Ba3 19. Nd1 Rc8 20. e3 d3 21. f3 Nd7
22. fxe4 Bg4 23. Nf2 Be2 24. Rfe1 h6 25. Bf4 g5 0-1

[Event "Challenge"]
[Site "http://www.queenalice.com/game.php?id=981704"]
[Date "2011.9.5"]
[Round "-"]
[White "cazzo"]
[Black "mowliid12"]
[Result "1-0"]
[WhiteElo "2523"]
[BlackElo "1425"]

1. d4 Nf6 2. c4 g6 3. g3 Bg7 4. Nf3 d5 5. cxd5 Nxd5 6. Bg2 O-O 7. O-O c6 8. Nc3
Nxc3 9. bxc3 Na6 10. Qc2 Nc7 11. a4 Nd5 12. e4 Nf6 13. a5 Bd7 14. Ne5 Qc8 15.
Nxd7 Qxd7 16. Rb1 Nh5 17. e5 Rab8 18. Re1 Bh8 19. e6 fxe6 20. Qb3 Ng7 21. Bf4
Rbd8 22. Qxb7 Nh5 23. Qxd7 Rxd7 24. Bxc6 Rdd8 25. Bc7 Rc8 26. Rb7 1-0

[Event "challenge"]
[Site "http://www.queenalice.com/game.php?id=982014"]
[Date "2011.9.6"]
[Round "-"]
[White "amarkin"]
[Black "cazzo"]
[Result "1/2-1/2"]
[WhiteElo "2530"]
[BlackElo "2526"]

1. e4 c5 2. Nf3 e6 3. Nc3 a6 4. d4 cxd4 5. Nxd4 Qc7 6. Be2 b5 7. O-O Bb7 8. Re1
Nc6 9. Nxc6 dxc6 10. Bd3 c5 11. e5 Rd8 12. Qh5 c4 13. Be4 Bb4 14. Qg4 Ne7 15.
Qxg7 Rg8 16. Qxh7 Bxc3 17. bxc3 Qxe5 18. Bf4 Qxf4 19. Bxb7 Rd2 20. Rf1 Rg5 21.
a4 Qe5 22. Qh3 Rh5 23. Qg3 a5 24. Bf3 Rg5 25. Qxe5 Rxe5 26. h4 Kf8 27. Rfc1 Nf5
28. axb5 Rxb5 29. g3 Nd6 30. Kg2 Kg7 31. g4 Re5 32. Kg3 Rb5 33. Ra2 Rb3 34. Rd1
Rxd1 35. Bxd1 Rxc3+ 36. Kg2 Nb5 37. Rxa5 Na3 38. Rg5+ Kh7 39. Rc5 Nxc2 40. Rc7
Kg8 41. Be2 Nd4 42. Bf1 Nf3 43. h5 Nh4+ 44. Kh2 Nf3+ 45. Kg3 Nd2+ 46. Kg2 Rc2
47. f4 Nxf1+ 1/2-1/2

[Event "Let's Play Chess!"]
[Site "http://www.queenalice.com/game.php?id=982910"]
[Date "2011.9.8"]
[Round "-"]
[White "oxidare"]
[Black "cazzo"]
[Result "0-1"]
[WhiteElo "1666"]
[BlackElo "2529"]

1. d4 Nf6 2. h3 d5 3. Nf3 c5 4. e3 Nc6 5. Bb5 e6 6. Bxc6+ bxc6 7. a3 Bd6 8. Nc3
O-O 9. Bd2 Ba6 10. Ng1 cxd4 11. exd4 e5 12. Nf3 exd4 13. Nxd4 c5 14. Ndb5 Re8+
15. Be3 d4 16. O-O Be5 17. Re1 dxe3 18. Rxe3 Qb8 19. Rb1 Bxb5 20. Nxb5 Qxb5 21.
Rb3 Qc6 22. c4 Rad8 23. Qf3 Qxf3 24. Rxf3 Ne4 25. Re3 Bd4 26. Ree1 Bxf2+ 27. Kf1
Bxe1 28. Rxe1 Ng3+ 0-1

[Event "Let's Play Chess!"]
[Site "http://www.queenalice.com/game.php?id=982911"]
[Date "2011.9.8"]
[Round "-"]
[White "cazzo"]
[Black "oxidare"]
[Result "1-0"]
[WhiteElo "2530"]
[BlackElo "1664"]

1. d4 d5 2. c4 e6 3. Nf3 h6 4. Nc3 Nf6 5. Bf4 Bb4 6. e3 Bxc3+ 7. bxc3 a6 8. Bd3
Nc6 9. O-O Bd7 10. Qc2 Qe7 11. Bxc7 O-O 12. c5 Rfc8 13. Bd6 Qe8 14. Rfb1 b5 15.
cxb6 Ne4 16. Bxe4 dxe4 17. Nd2 Na5 18. b7 Nxb7 19. Rxb7 Bc6 20. Rb6 Bd5 21. c4
Bc6 22. c5 f5 23. Nc4 Bb5 24. Be5 Rc6 25. Nd6 Qd7 26. Rb7 Rc7 27. Rxc7 Qxc7 28.
Nxb5 Qc6 29. Nd6 1-0

[Event "TrG02"]
[Site "http://www.queenalice.com/game.php?id=983415"]
[Date "2011.9.10"]
[Round "-"]
[White "pjbrito"]
[Black "cazzo"]
[Result "0-1"]
[WhiteElo "1657"]
[BlackElo "2522"]

1. e4 c5 2. Nf3 e6 3. Nc3 a6 4. a3 Nc6 5. Bc4 Nf6 6. O-O b5 7. Ba2 Qc7 8. d3 Be7
9. b3 O-O 10. Bb2 Bb7 11. Qe2 Ng4 12. g3 Bf6 13. Nd1 Bxb2 14. Nxb2 Nge5 15. Nxe5
Qxe5 16. c4 Nd4 17. Qd1 f5 18. f3 fxe4 19. fxe4 Rxf1+ 20. Qxf1 Rf8 21. Qd1 Nf3+
22. Kg2 Qxb2+ 23. Kh3 Qxh2+ 24. Kg4 h5# 0-1

[Event "TrG03"]
[Site "http://www.queenalice.com/game.php?id=983416"]
[Date "2011.9.10"]
[Round "-"]
[White "cazzo"]
[Black "pjbrito"]
[Result "1-0"]
[WhiteElo "2521"]
[BlackElo "1659"]

1. d4 d5 2. c4 Nf6 3. cxd5 Nxd5 4. e4 Nb6 5. Nc3 e6 6. Be3 Be7 7. Bb5+ Bd7 8.
Bd3 O-O 9. Nf3 Bb4 10. O-O Bxc3 11. bxc3 Na4 12. Qb3 b6 13. Rab1 Nc6 14. Qxa4
Ne7 15. Qc2 c5 16. dxc5 Nc8 17. e5 Rb8 18. Bxh7+ Kh8 19. Rb4 g6 20. Bg5 Ne7 21.
Bf6+ Kxh7 22. Rh4+ Kg8 23. Rh8# 1-0

[Event "Challenge"]
[Site "http://www.queenalice.com/game.php?id=983861"]
[Date "2011.9.11"]
[Round "-"]
[White "cazzo"]
[Black "amarkin"]
[Result "1/2-1/2"]
[WhiteElo "2526"]
[BlackElo "2531"]

1. d4 Nf6 2. c4 g6 3. Nc3 d5 4. cxd5 Nxd5 5. e4 Nxc3 6. bxc3 Bg7 7. Nf3 c5 8.
Be3 Qa5 9. Qd2 O-O 10. Rc1 Nd7 11. Bd3 b5 12. O-O c4 13. Bc2 Rd8 14. Bh6 Rb8 15.
Bxg7 Kxg7 16. Qe3 Qa3 17. d5 Nf6 18. h3 Rb6 19. Nd4 Bd7 20. Bd1 e5 21. Nc2 Qd6
22. a3 h6 23. Ra1 a5 24. Re1 Bc8 25. Qg3 Rb8 26. Bf3 Re8 27. Ne3 Bd7 28. Reb1
Rec8 29. Rc1 Rb7 30. Ra2 Rb6 31. Rac2 1/2-1/2

[Event "Let's Play Chess!"]
[Site "http://www.queenalice.com/game.php?id=990614"]
[Date "2011.9.28"]
[Round "-"]
[White "HelderNanques"]
[Black "cazzo"]
[Result "0-1"]
[WhiteElo "2232"]
[BlackElo "2526"]

1. b4 e5 2. Bb2 Bxb4 3. Bxe5 Nf6 4. Nf3 O-O 5. c3 Ba5 6. Qa4 Nc6 7. Bg3 Re8 8.
e3 a6 9. Be2 Ne4 10. d4 Nxc3 0-1

[Event "Let's Play Chess!"]
[Site "http://www.queenalice.com/game.php?id=990615"]
[Date "2011.9.28"]
[Round "-"]
[White "cazzo"]
[Black "HelderNanques"]
[Result "1-0"]
[WhiteElo "2528"]
[BlackElo "2188"]

1. d4 e6 2. c4 d5 3. Nf3 b6 4. Nc3 Nf6 5. cxd5 Nxd5 6. e4 Nxc3 7. bxc3 Be7 8.
Bd3 O-O 9. O-O Bb7 10. Qc2 c5 11. d5 g6 12. dxe6 fxe6 13. Bc4 Bc8 14. Bh6 Re8
15. Rad1 Qc7 16. Qa4 Rd8 17. Rxd8+ Bxd8 18. Qe8# 1-0

[Event "A"]
[Site "http://www.queenalice.com/game.php?id=1073946"]
[Date "2012.6.25"]
[Round "-"]
[White "Kir"]
[Black "cazzo"]
[Result "0-1"]
[WhiteElo "2004"]
[BlackElo "2531"]

1. c4 e5 2. d4 exd4 3. Qxd4 Nc6 4. Qe3+ Be7 5. Nc3 Nf6 6. Nd5 O-O 7. Nxe7+ Nxe7
8. b3 d5 9. Bb2 Nf5 10. Qf4 dxc4 11. Rd1 Qe7 12. bxc4 Be6 13. Nf3 Qb4+ 14. Qd2
Qxc4 0-1

[Event "E"]
[Site "http://www.queenalice.com/game.php?id=1073950"]
[Date "2012.6.25"]
[Round "-"]
[White "cazzo"]
[Black "Kir"]
[Result "1-0"]
[WhiteElo "2532"]
[BlackElo "2004"]

1. d4 Nf6 2. c4 e6 3. Nf3 d5 4. Nc3 dxc4 5. e4 Bb4 6. Bg5 b5 7. a4 c6 8. e5 h6
9. exf6 hxg5 10. fxg7 Rg8 11. h4 gxh4 12. Rxh4 Qf6 13. Rh5 a6 14. axb5 cxb5 15.
Rxb5 axb5 16. Rxa8 Qf4 17. Nd2 Bxc3 18. bxc3 1-0